MARC

LEADER 00000nam0a2200000 4500
001 306633
005 20231102001919.0
020 |a RU  |b 83-65461 
035 |a (RuTPU)RU\TPU\book\331910 
090 |a 306633 
100 |a 20151009d1983 km y0rusy5003 ca 
101 0 |a rus 
102 |a RU 
105 |a y z 001zy 
200 1 |a Научно-технический прогресс и развитие электроэнергетики основных капиталистических стран  |f Ф. Л. Бромберг  |g Академия наук СССР (АН СССР), Институт мировой экономики и международных отношений (ИМЭМО) 
210 |a Москва  |c Наука  |d 1983 
215 |a 188 с. 
320 |a Библиогр.: с. 184-187 
606 1 |a Промышленность  |x Капиталистические страны  |2 stltpush  |3 (RuTPU)RU\TPU\subj\52319  |9 70805 
610 1 |a электроэнергетика 
610 1 |a научно-технический прогресс 
610 1 |a НТП 
610 1 |a влияние 
610 1 |a США 
610 1 |a Япония 
610 1 |a ФРГ 
610 1 |a Великобритания 
610 1 |a Франция 
610 1 |a экономическая эффективность 
610 1 |a экономическая эффективность 
686 |a У830  |2 rubbk 
700 1 |a Бромберг  |b Ф. Л.  |g Феликс Львович  |4 070 
712 0 2 |a Академия наук СССР (АН СССР)  |b Институт мировой экономики и международных отношений (ИМЭМО)  |c (Москва)  |2 stltpush  |3 (RuTPU)RU\TPU\col\11484 
801 0 |a RU  |b RuMRKP  |c 19950704  |g psbo 
801 1 |a RU  |b 63413507  |c 20151009 
801 2 |a RU  |b 63413507  |c 20180626  |g RCR 
942 |c BK